<?xml version="1.0" encoding="UTF-8"?>
<record
    xmlns:xsi="http://www.w3.org/2001/XMLSchema-instance"
    xsi:schemaLocation="http://www.loc.gov/MARC21/slim http://www.loc.gov/standards/marcxml/schema/MARC21slim.xsd"
    xmlns="http://www.loc.gov/MARC21/slim">

  <leader>01733nam a2200253 a 4500</leader>
  <controlfield tag="001">77672</controlfield>
  <controlfield tag="003">BD-RjUL</controlfield>
  <controlfield tag="005">20211209083017.0</controlfield>
  <controlfield tag="008">201223s2004    bg a|||| m||| 00| 0 ben d</controlfield>
  <datafield tag="035" ind1=" " ind2=" ">
    <subfield code="a">(BD-RjUL)77898</subfield>
  </datafield>
  <datafield tag="040" ind1=" " ind2=" ">
    <subfield code="a">BD-RjUL</subfield>
    <subfield code="b">ben / eng</subfield>
    <subfield code="c">BD-RjUL</subfield>
    <subfield code="d">BD-RjUL</subfield>
  </datafield>
  <datafield tag="041" ind1=" " ind2=" ">
    <subfield code="a">ben</subfield>
  </datafield>
  <datafield tag="082" ind1=" " ind2=" ">
    <subfield code="a">363.728095492</subfield>
    <subfield code="b">MAR 2004</subfield>
    <subfield code="2">23</subfield>
  </datafield>
  <datafield tag="100" ind1=" " ind2=" ">
    <subfield code="a">&#x9AE;&#x9BE;&#x9B9;&#x9AE;&#x9C1;&#x9A6;, &#x98F;&#x9B8;. &#x98F;&#x9AE;. &#x9AE;&#x9C1;&#x995;&#x9CD;&#x9A4;&#x9BF;</subfield>
    <subfield code="9">242852</subfield>
  </datafield>
  <datafield tag="245" ind1="1" ind2="0">
    <subfield code="a">&#x9B0;&#x9BE;&#x99C;&#x9B6;&#x9BE;&#x9B9;&#x9C0; &#x9B8;&#x9BF;&#x99F;&#x9BF; &#x995;&#x9B0;&#x9CD;&#x9AA;&#x9CB;&#x9B0;&#x9C7;&#x9B6;&#x9A8; &#x98F;&#x9B2;&#x9BE;&#x995;&#x9BE;&#x9B0; &#x9AC;&#x9B0;&#x9CD;&#x99C;&#x9CD;&#x9AF; &#x9A6;&#x9C2;&#x9B7;&#x9A8; &#x993; &#x987;&#x9B9;&#x9BE;&#x9B0; &#x9AC;&#x9CD;&#x9AF;&#x9AC;&#x9B8;&#x9CD;&#x9A5;&#x9BE;&#x9AA;&#x9A8;&#x9BE; /</subfield>
    <subfield code="c">&#x98F;&#x9B8;. &#x98F;&#x9AE;. &#x9AE;&#x9C1;&#x995;&#x9CD;&#x9A4;&#x9BF; &#x9AE;&#x9BE;&#x9B9;&#x9AE;&#x9C1;&#x9A6; ;</subfield>
    <subfield code="6">&#x9A4;&#x9A4;&#x9CD;&#x9A4;&#x9CD;&#x9AC;&#x9BE;&#x9AC;&#x9A7;&#x9BE;&#x9AF;&#x9BC;&#x995; : &#x9AE;&#x9CB;. &#x99C;&#x9BE;&#x9B9;&#x9BF;&#x9A6;&#x9C1;&#x9B2; &#x9B9;&#x9BE;&#x9B8;&#x9BE;&#x9A8;</subfield>
  </datafield>
  <datafield tag="260" ind1=" " ind2=" ">
    <subfield code="a">&#x9B0;&#x9BE;&#x99C;&#x9B6;&#x9BE;&#x9B9;&#x9C0; :</subfield>
    <subfield code="b">&#x9AD;&#x9C2;&#x997;&#x9CB;&#x9B2; &#x993; &#x9AA;&#x9B0;&#x9BF;&#x9AC;&#x9C7;&#x9B6;&#x9AC;&#x9BF;&#x9A6;&#x9CD;&#x9AF;&#x9BE; &#x9AC;&#x9BF;&#x9AD;&#x9BE;&#x997;, &#x9B0;&#x9BE;&#x99C;&#x9B6;&#x9BE;&#x9B9;&#x9C0; &#x9AC;&#x9BF;&#x9B6;&#x9CD;&#x9AC;&#x9AC;&#x9BF;&#x9A6;&#x9CD;&#x9AF;&#x9BE;&#x9B2;&#x9AF;&#x9BC;,</subfield>
    <subfield code="c">&#x9E8;&#x9E6;&#x9E6;&#x9EA;</subfield>
  </datafield>
  <datafield tag="300" ind1=" " ind2=" ">
    <subfield code="a">xxii, &#x9E8;&#x9E9;&#x9E6; &#x9AA;&#x9BE;&#x9A4;&#x9BE; :</subfield>
    <subfield code="b">&#x99A;&#x9BF;&#x9A4;&#x9CD;&#x9B0; ;</subfield>
    <subfield code="c">&#x9E8;&#x9EF; &#x9B8;&#x9C7;&#x9AE;&#x9BF;.</subfield>
  </datafield>
  <datafield tag="502" ind1=" " ind2=" ">
    <subfield code="a">&#x9A5;&#x9BF;&#x9B8;&#x9BF;&#x9B8; (&#x98F;&#x9AE;. &#x9AB;&#x9BF;&#x9B2;.) -- &#x9AD;&#x9C2;&#x997;&#x9CB;&#x9B2; &#x993; &#x9AA;&#x9B0;&#x9BF;&#x9AC;&#x9C7;&#x9B6;&#x9AC;&#x9BF;&#x9A6;&#x9CD;&#x9AF;&#x9BE; &#x9AC;&#x9BF;&#x9AD;&#x9BE;&#x997;, &#x9B0;&#x9BE;&#x99C;&#x9B6;&#x9BE;&#x9B9;&#x9C0; &#x9AC;&#x9BF;&#x9B6;&#x9CD;&#x9AC;&#x9AC;&#x9BF;&#x9A6;&#x9CD;&#x9AF;&#x9BE;&#x9B2;&#x9AF;&#x9BC;, &#x9E8;&#x9E6;&#x9E6;&#x9EA;</subfield>
  </datafield>
  <datafield tag="504" ind1=" " ind2=" ">
    <subfield code="a">&#x997;&#x9CD;&#x9B0;&#x9A8;&#x9CD;&#x9A5;&#x9AA;&#x99E;&#x9CD;&#x99C;&#x9C0; : &#x9AA;&#x9BE;&#x9A4;&#x9BE; &#x9E8;&#x9E7;&#x9EE; - &#x9E8;&#x9E9;&#x9E6;</subfield>
  </datafield>
  <datafield tag="650" ind1=" " ind2=" ">
    <subfield code="a">&#x9AC;&#x9B0;&#x9CD;&#x99C;&#x9CD;&#x9AF; &#x9A6;&#x9C2;&#x9B7;&#x9A3; &#x98F;&#x9AC;&#x982; &#x9A8;&#x9BF;&#x9AF;&#x9BC;&#x9A8;&#x9CD;&#x9A4;&#x9CD;&#x9B0;&#x9A3;</subfield>
    <subfield code="z">&#x9AC;&#x9BE;&#x982;&#x9B2;&#x9BE;&#x9A6;&#x9C7;&#x9B6;</subfield>
    <subfield code="z">&#x9B0;&#x9BE;&#x99C;&#x9B6;&#x9BE;&#x9B9;&#x9C0; &#x9B8;&#x9BF;&#x99F;&#x9BF; &#x995;&#x9B0;&#x9CD;&#x9AA;&#x9CB;&#x9B0;&#x9C7;&#x9B6;&#x9A8; </subfield>
    <subfield code="9">242853</subfield>
    <subfield code="y"> 	. </subfield>
  </datafield>
  <datafield tag="650" ind1=" " ind2=" ">
    <subfield code="a">waste pollution and control</subfield>
    <subfield code="z">Bangladesh</subfield>
    <subfield code="z">Rajshahi City Corporation</subfield>
    <subfield code="9">242995</subfield>
  </datafield>
  <datafield tag="700" ind1=" " ind2=" ">
    <subfield code="a">&#x9B9;&#x9BE;&#x9B8;&#x9BE;&#x9A8;, &#x9AE;&#x9CB;. &#x99C;&#x9BE;&#x9B9;&#x9BF;&#x9A6;&#x9C1;&#x9B2;, &#x9A4;&#x9A4;&#x9CD;&#x9A4;&#x9CD;&#x9AC;&#x9BE;&#x9AC;&#x9A7;&#x9BE;&#x9AF;&#x9BC;&#x995; </subfield>
    <subfield code="9">242855</subfield>
  </datafield>
  <datafield tag="942" ind1=" " ind2=" ">
    <subfield code="2">ddc</subfield>
    <subfield code="c">THE</subfield>
  </datafield>
  <datafield tag="999" ind1=" " ind2=" ">
    <subfield code="c">77672</subfield>
    <subfield code="d">77672</subfield>
  </datafield>
  <datafield tag="952" ind1=" " ind2=" ">
    <subfield code="0">0</subfield>
    <subfield code="1">0</subfield>
    <subfield code="2">ddc</subfield>
    <subfield code="4">0</subfield>
    <subfield code="7">1</subfield>
    <subfield code="8">THESES</subfield>
    <subfield code="a">RUCL</subfield>
    <subfield code="b">RUCL</subfield>
    <subfield code="c">Doc/The</subfield>
    <subfield code="d">2005-11-26</subfield>
    <subfield code="e">Controller of Exam. , R. U. </subfield>
    <subfield code="l">0</subfield>
    <subfield code="o">BTHE 363.728095492 MAR 2004</subfield>
    <subfield code="r">2020-12-23 00:00:00</subfield>
    <subfield code="t">C-1</subfield>
    <subfield code="w">2021-12-09</subfield>
    <subfield code="y">THE</subfield>
  </datafield>
</record>
